000 00552nam a2200157Ia 4500
008 180921t2016 xxu||||| |||| 00| 0 sin d
041 _asin
080 _a327
_bSov
245 _aසෝවියට් දේශයේ බිදවැටීම සහ ධනවාදයේ වත්මන් අර්බුදය
246 _aSoviyat deshaye bidaweteema saha Danawadaye wathman Arbudaya
260 _bNiyamuwa Publisher
_aMaharagama
_c2016
300 _b211p, 21cm
942 _cBK
999 _c5357
_d5357
003 LK-CoDNM
040 _aLK-CoDNM
_dLK-CoDNM
_eLK-CoDNM